|
|
|
|
| LEADER |
00000nam a22000007i 4500 |
| 001 |
IT\ICCU\REA\0159348 |
| 003 |
ItRI |
| 005 |
20250705205826.0 |
| 008 |
031113s2003 it |||||| ||||| |||||c |
| 020 |
|
|
|a 8879662864
|
| 040 |
|
|
|b ita
|c ct
|
| 041 |
|
7 |
|a ita
|2 ISO-639-2
|
| 245 |
0 |
0 |
|a Frequenze fiorentine :
|b Firenze anni '80 : musica, teatro, moda, clubbing e altro : 50 interventi da Piero Pelu a Pier Vittorio Tondelli /
|c a cura di Bruno Casini.
|
| 260 |
|
|
|a Roma :
|b Arcana,
|c °2003!
|
| 300 |
|
|
|a 281 p. :
|b ill. ;
|c 24 cm.
|
| 650 |
|
7 |
|a Firenze
|x Vita artistica e culturale
|x 1980-1990
|2 scbi
|
| 700 |
1 |
|
|a Casini, Bruno,
|d (1953- )
|0 IT\ICCU\UFEV\337434
|
| 830 |
|
0 |
|a Arcanapop
|0 IT\ICCU\LO1\0553271
|
| 942 |
|
|
|2 ddc
|c BK
|
| 952 |
|
|
|0 0
|1 0
|2 ddc
|4 0
|6 B_SSR03CASBRFRE11
|7 0
|9 4770
|a MI
|b MI
|d 2005-10-30
|i 4850
|l 0
|o B-SSR03-CASBR-FRE11
|p CDOM4850
|r 2025-07-05 19:04:34
|w 2025-07-05
|x ACQUISTO
|y BK
|
| 981 |
|
1 |
|6 z01
|a i
|b xxxe
|
| 982 |
|
1 |
|6 z01
|a n
|
| 999 |
|
|
|c 3750
|d 3750
|